| 000 | 00000nam##2200000za#4500 |
| 001 | 9.648471 |
| 003 | CaOODSP |
| 005 | 20220818080141 |
| 007 | ta |
| 008 | 150407|2001||||xxc||||| f|0| 0 eng|d |
| 020 | |a0-662-31660-6 |
| 040 | |aCaOODSP|beng |
| 043 | |an-cn--- |
| 086 | 1 |aIP34-9/2001E |
| 110 | 2 |aOffice of the Privacy Commissioner of Canada. |
| 245 | 10|aYour privacy rights : |bCanada's Personal Information Protection and Electronic Documents Act: a guide for Canadians |
| 260 | |aOttawa - Ontario : |bOffice of the Privacy Commissioner of Canada |c2001. |
| 563 | |aPamphlet |
| 590 | |a02-06|b2002-02-08 |
| 690 | 07|aPrivacy|2gcpds |
| 690 | 07|aElectronic documents|2gcpds |
| 775 | 08|tVos droits en matière de vie privée : |w(CaOODSP)9.681762 |
| 776 | 0#|tYour privacy rights : |w(CaOODSP)9.695783 |